| 000 | 00391cam a2200145ua 4500 | ||
|---|---|---|---|
| 041 |
_aeng _h |
||
| 082 |
_a658.4034 _bDHA/OP |
||
| 100 | _aDharani, Venkatakrishnan . | ||
| 245 |
_aOperations research:Principles and problems / _cDharani Venkatakrishnan. _hTextual Documents |
||
| 260 |
_a : _bCoimbatore , _c1990. |
||
| 300 | _a411 ; . | ||
| 504 | _a | ||
| 942 | _cBK | ||
| 999 |
_c10357 _d10357 |
||